000 01272nam0a22002531 4500
001 rc\763959
005 20040301142737.7
035 _a(NLR Aleph) 006291320
090 _a7152896
_c7152896
100 _a20040301d1985 u |0rusy50 ca
101 0 _arus
102 _aRU
105 _aa |||||||||
200 1 _aРазработка методов определения вещественного состава геологического разреза по данным сейсморазведки и геофизических исследований скважин
_eСб. науч. тр.
_fВНИИ орг., управления и экономики нефтегазовой пром-сти
_g[Редкол.: Гогоненков Г.Н. (гл. ред.) и др.]
210 _aМ.
_cВНИИОЭНГ
_d1985 (1986)
215 _a131, [1] с.
_cил.
_d21
320 _aБиблиогр. в конце ст.
702 1 _aГогоненков
_bГ. Н.
_gГеоргий Николаевич
_4340
712 0 2 _aВНИИ организации, упр. и экономики нефтегазовой промышленности
_3RU\NLR\AUTH\889941164
801 0 _aRU
_bNLR
_gpsbo
801 1 _aRU
_bELAR
_2rusmarc
852 _aNLR
_j86-3/9790
942 _cBOOK
980 _aNB